| 000 | 00999nam a2200337 a 4500 | ||
|---|---|---|---|
| 003 | AR-BaBNM | ||
| 005 | 20251128204759.0 | ||
| 008 | 082120s2002 ||||||||||||||000 | spa|| | ||
| 040 | _cAR-BaBNM | ||
| 100 | 1 | _aCeceña Cervantes, José Luis | |
| 245 | 0 | 0 | _aIntroducción a la economía política de la planificación económica nacional |
| 250 | _a1ª ed. | ||
| 260 |
_aMéxico, D.F. _bFondo de Cultura Económica _c1978 |
||
| 300 |
_a167 p. _btablas |
||
| 490 | 0 | _aSección de Obras de Economía | |
| 500 | _aContiene apéndice en p. 161-165 | ||
| 650 | 4 | _aECONOMIA NACIONAL | |
| 650 | 4 | _aPOLITICA | |
| 650 | 4 | _aPLANIFICACION ECONOMICA | |
| 650 | 4 | _aDESARROLLO ECONOMICO | |
| 650 | 4 | _aPRODUCCION | |
| 650 | 4 | _aFACTORES DE PRODUCCION | |
| 650 | 4 | _aCAPITALISMO | |
| 650 | 4 | _aPROGRAMAS DE DESARROLLO | |
| 650 | 4 | _aDISTRIBUCION DE INGRESOS | |
| 650 | 4 | _aEXPORTACIONES | |
| 650 | 4 | _aIMPORTACIONES | |
| 700 | 1 |
_aCastillo, Heberto _eprologuista |
|
| 942 | _cBK | ||
| 998 | _cGLORIA | ||
| 999 |
_c8793 _d8793 |
||